| 000 | 00296nam a22001337a 4500 | ||
|---|---|---|---|
| 999 |
_c23124 _d23124 |
||
| 003 | Nust | ||
| 005 | 20170410152025.0 | ||
| 008 | 170320b xxu||||| |||| 00| 0 eng d | ||
| 020 | _a8178083280 | ||
| 040 |
_aDLC _bDLC _cRCMS |
||
| 082 |
_a621.382 COU _26th,ed, |
||
| 100 | _aLEON W. COUCH, II | ||
| 245 | _aDIGITAL AND ANALOG COMMUNICATION SYSTEMS | ||
| 250 | _a6th, ed. | ||
| 260 |
_aINDIA _bPEARSON _cc2001 |
||
| 300 |
_axxvii,774,p: _bill: _c26,cm. |
||
| 538 | _iShelf # 15, Row # 1, Communication. | ||
| 650 | _a1. Telecommunication systems. 2. Digital communications | ||
| 856 | _3Table of Content Only | ||
| 942 |
_cBK _2ddc _k621.382 COU |
||